书目信息 |
| 题名: |
五四运动回忆录
|
|
| 作者: | ;中国社会科学院近代史研究所 编 | |
| 分册: | 上 | |
| 出版信息: | 北京 中国社会科学出版社 1979 |
|
| 页数: | 525页 | |
| 开本: | 20cm | |
| 丛书名: | ||
| 单 册: | ||
| 中图分类: | K261.1 | |
| 科图分类: | ||
| 主题词: | 中国--历史 | |
| 电子资源: | ||
| ISBN: | ||
| 000 | 00669nam0 2200229 45 | |
| 001 | 0179007540 | |
| 005 | 20040505083908.0 | |
| 010 | @dCNY3.10 | |
| 091 | @a11190.011 | |
| 100 | @a19950724d1979 em y0chiy0121 ea | |
| 101 | 0 | @achi |
| 102 | @aCN@b110000 | |
| 105 | @ay z 010yy | |
| 106 | @ar | |
| 200 | 10 | @a五四运动回忆录@h上@Awu si yun dong hui yi lu@f中国社会科学院近代史研究所编 |
| 210 | @a北京@c中国社会科学出版社@d1979 | |
| 215 | @a525页@d20cm | |
| 606 | 0 | @a中国@x历史 |
| 690 | @aK261.1@v3 | |
| 711 | 02 | @a中国社会科学院近代史研究所@Azhong guo she hui ke xue yuan jin dai shi yan jiu suo@4编 |
| 801 | 0 | @aCN@bNLC@c20040505 |
| 905 | @f1@b10248@dK261.1@e3:1 | |
| 五四运动回忆录.上/中国社会科学院近代史研究所编.-北京:中国社会科学出版社,1979 |
| 525页;20cm |
| ISBN :CNY3.10 |
| ● |
| 相关链接 |
|
|
|
|
正题名:五四运动回忆录
索取号:K261.1/3:1
 
预约/预借
| 序号 | 登录号 | 条形码 | 馆藏地/架位号 | 状态 | 备注 |
| 1 | 0010247 | 202083985 | 第二样本阅览室/ [索取号:K261.1/3:1] | 在馆 | |
| 2 | 0010248 | 001295306 | 密集书库/ [索取号:K261.1/3:1] | 在馆 |